000 01227nam a2200241Ii 4500
003 JO-AjNU
005 20240625132154.0
008 230605s9999||||xx |||||||||||||| ||und||
040 _aJO-AjNU
_bara
_erda
_cJO-AjNU
041 _aara
050 1 4 _aHF5549.5.2021
100 1 _aخرابشة، صفاء مبارك مفضي
_965664
245 1 0 _aدور القيادة الريادية في تحقيق التميز الوظيفي لدى العاملين في وزارة العمل الاردنية=The Role of Extrepreneurial Leadership in Achieving Job Excellence among Employees in Jordanian Ministry of Labor /
_cاعداد صفاء مبارك مفضي خرابشة ؛ إشراف هشام علي شطناوي
260 _c2021
300 _a119 ورقة
336 _atext
_btxt
_2rdacontent
337 _aunmediated
_bn
_2rdamedia
338 _avolume
_bnc
_2rdacarrier
500 _aرسالة جامعية(اطروحة ماجستير) تخصص ادارة الاعمال/كلية ادارة الاعمال، جامعة عجلون الوطنية، 2021
650 4 _aالقيادة الريادية-التميز الوظيفي
_962456
700 1 _aشطناوي،هشام علي
_964865
_eمشرف
942 _2lcc
_cTHS
999 _c31850
_d31850